000 01230nam a2200313 a 4500
003 AR-BaBNM
005 20251128210341.0
008 082120s2002 ||||||||||||||000 | spa||
020 _a950-29-0156-8
040 _cAR-BaBNM
100 1 _aTrigo, Liliana
245 0 0 _aLa problemática ambiental desde la geografía
_baportes para una propuesta didáctica
260 _aBuenos Aires
_bUniversidad de Buenos Aires [Argentina]
_c1994
300 _a87 p.
_bmapas, tablas
500 _aEste libro forma parte del material teórico y práctico del programa de capacitación docente "La UBA y los profesores secundarios a distancia" llevado adelante por la Secretaría de Extensión Universitaria a través del programa "La UBA y los profesores secu
504 _aBibliografía para el profesor p. 88-92
650 4 _aENSEÑANZA DE LAS CIENCIAS SOCIALES
650 4 _aEDUCACION AMBIENTAL
650 4 _aENSEÑANZA DE LA GEOGRAFIA
650 4 _aPROFESORES DE SECUNDARIA
650 4 _aMETODOS DE ENSEÑANZA
650 4 _aACTIVIDADES DE APRENDIZAJE
653 _aEDUCACION A DISTANCIA
653 _aCAPACITACION DOCENTE
653 _aEDUCACION SECUNDARIA
700 1 _aBachman, Lía
942 _cBK
998 _cRaquel
999 _c15081
_d15081